College Quizbowl Stats
College Quizbowl Stats
Circuits
Seasons
Sets
Records
Detailed Stats
About
Loading...
2023 Penn Bowl @ FSU
Tossups
Bonuses
Players
Teams
Categories (Tossup)
Categories (Bonus)
Jonathan Hunter
Florida B
Categories
Category
Powers
Gets
Negs
BBs
Points
Earliest Buzz
Avg. Buzz
First Buzzes
Top 3 Buzzes
BPA
PVF
Fine Arts - Visual
0
2
1
1
15
121
127.50
1
2
0.00
0.00
Literature - British
0
1
0
1
10
143
143.00
0
1
0.00
0.00
Literature - European
0
1
0
0
10
126
126.00
1
1
0.00
0.00
Social Science
0
0
0
0
0
0.00
0
0
0.00
0.00
Buzzes
Category
Answer
Value
Buzz Position
Fine Arts - Visual
Utagawa Hiroshige
10
121
Social Science
Robbers’ Cave Experiment
0
121
Literature - European
dead
10
126
Fine Arts - Visual
Isenheim Altarpiece
10
134
Literature - British
Roald Dahl
0
138
Fine Arts - Visual
Chuck Close
-5
139
Literature - British
love
10
143
Previous
1
Next